<?xml version="1.0" encoding="UTF-8"?>
<record
    xmlns:xsi="http://www.w3.org/2001/XMLSchema-instance"
    xsi:schemaLocation="http://www.loc.gov/MARC21/slim http://www.loc.gov/standards/marcxml/schema/MARC21slim.xsd"
    xmlns="http://www.loc.gov/MARC21/slim">

  <leader>00786nam a22002177a 4500</leader>
  <controlfield tag="003">SEM</controlfield>
  <controlfield tag="005">20241004102706.0</controlfield>
  <controlfield tag="008">171026b        xxu||||| |||| 00| 0 rus</controlfield>
  <datafield tag="040" ind1=" " ind2=" ">
    <subfield code="a">SEM</subfield>
    <subfield code="c">SEM</subfield>
  </datafield>
  <datafield tag="041" ind1="1" ind2=" ">
    <subfield code="a">rus.</subfield>
    <subfield code="a">germ.</subfield>
  </datafield>
  <datafield tag="080" ind1=" " ind2=" ">
    <subfield code="a">803.0-3=82/&#x41B;-61</subfield>
  </datafield>
  <datafield tag="100" ind1="1" ind2=" ">
    <subfield code="a">&#x41B;&#x438;&#x43F;&#x448;&#x438;&#x446; &#x41E;&#x43B;&#x44C;&#x433;&#x430; &#x414;&#x430;&#x432;&#x44B;&#x434;&#x43E;&#x432;&#x43D;&#x430;</subfield>
    <subfield code="q">(Lipschiz O. D.)</subfield>
  </datafield>
  <datafield tag="245" ind1="1" ind2="4">
    <subfield code="a">&#x41A;&#x430;&#x440;&#x43C;&#x430;&#x43D;&#x43D;&#x44B;&#x439; &#x43D;&#x435;&#x43C;&#x435;&#x446;&#x43A;&#x43E;-&#x440;&#x443;&#x441;&#x441;&#x43A;&#x438;&#x439; &#x441;&#x43B;&#x43E;&#x432;&#x430;&#x440;&#x44C;. </subfield>
    <subfield code="b">9000 &#x441;&#x43B;&#x43E;&#x432;. / </subfield>
    <subfield code="c">&#x41E;. &#x41B;&#x438;&#x43F;&#x448;&#x438;&#x446;</subfield>
  </datafield>
  <datafield tag="246" ind1="1" ind2="1">
    <subfield code="a">Deutsch-Russisches taschen-W&#xF6;rterbuch. </subfield>
    <subfield code="b">9000 Stichw&#xF6;rter. </subfield>
  </datafield>
  <datafield tag="250" ind1=" " ind2=" ">
    <subfield code="a">18-&#x435; &#x438;&#x437;&#x434;, </subfield>
    <subfield code="b">&#x441;&#x442;&#x435;&#x440;&#x435;&#x43E;&#x442;&#x438;&#x43F;&#x43D;&#x43E;&#x435;</subfield>
  </datafield>
  <datafield tag="260" ind1=" " ind2=" ">
    <subfield code="a">&#x41C;&#x43E;&#x441;&#x43A;&#x432;&#x430;:</subfield>
    <subfield code="b">&#x438;&#x437;&#x434;. &#xAB;&#x420;&#x443;&#x441;&#x441;&#x43A;&#x438;&#x439; &#x44F;&#x437;&#x44B;&#x43A;&#xBB;,</subfield>
    <subfield code="c">1981.</subfield>
  </datafield>
  <datafield tag="300" ind1=" " ind2=" ">
    <subfield code="a">319 &#x441;.;</subfield>
    <subfield code="c">13 &#x441;&#x43C;.</subfield>
  </datafield>
  <datafield tag="650" ind1=" " ind2=" ">
    <subfield code="a">&#x41D;&#x435;&#x43C;&#x435;&#x446;&#x43A;&#x43E;-&#x440;&#x443;&#x441;&#x441;&#x43A;&#x438;&#x439; &#x441;&#x43B;&#x43E;&#x432;&#x430;&#x440;&#x44C;</subfield>
  </datafield>
  <datafield tag="653" ind1=" " ind2=" ">
    <subfield code="a">&#x54D;&#x537;&#x544;</subfield>
  </datafield>
  <datafield tag="942" ind1=" " ind2=" ">
    <subfield code="2">udc</subfield>
    <subfield code="c">BK</subfield>
  </datafield>
  <datafield tag="999" ind1=" " ind2=" ">
    <subfield code="c">67531</subfield>
    <subfield code="d">67531</subfield>
  </datafield>
  <datafield tag="952" ind1=" " ind2=" ">
    <subfield code="0">0</subfield>
    <subfield code="1">0</subfield>
    <subfield code="2">udc</subfield>
    <subfield code="4">0</subfield>
    <subfield code="7">0</subfield>
    <subfield code="8">&#x533;&#x580;&#x561;&#x57A;&#x561;&#x570;&#x578;&#x581;</subfield>
    <subfield code="a">SEM</subfield>
    <subfield code="b">SEM</subfield>
    <subfield code="d">2017-10-26</subfield>
    <subfield code="i">&#x420;&#x443;&#x441;-8511</subfield>
    <subfield code="l">0</subfield>
    <subfield code="o">803.0-3=82/&#x41B;-61</subfield>
    <subfield code="p">&#x420;&#x443;&#x441;-8511</subfield>
    <subfield code="r">2017-10-26</subfield>
    <subfield code="w">2022-06-08</subfield>
    <subfield code="y">BK</subfield>
    <subfield code="z">&#x54D;&#x57A;&#x561;&#x57D;&#x561;&#x580;&#x56F;&#x57E;&#x578;&#x582;&#x574; &#x567; &#x568;&#x576;&#x569;&#x565;&#x580;&#x581;&#x561;&#x57D;&#x580;&#x561;&#x570;</subfield>
  </datafield>
</record>
